Logo BPK

Biblioteka

Politechniki Koszalińskiej

Benetton. (Rekord nr 48312)

Szczegóły MARC
000 -ETYKIETA REKORDU
podpole kontrolne o stałej długości 00773nam a2200265 i 4500
001 - NUMER KONTROLNY REKORDU
pole kontrolne bgj
020 ## - MIĘDZYNARODOWY ZNORMALIZOWANY NUMER KSIĄŻKI - ISBN
ISBN 058234297X
040 ## - ŹRÓDŁO KATALOGOWANIA
Instytucja, która utworzyła rekord BPK
041 0# - KOD JĘZYKA
Kod języka tekstu eng
920 ## - Międzynarodowy znormalizowany numer książki – ISBN
ISBN 0-582-34297-X
008 - POLE O STAŁEJ DŁUGOŚCI - DANE KONTROLNE
podpole kontrolne o stałej długości s uk f |000 0 eng
100 1# - NAZWA OSOBOWA
Nazwa osobowa MANTLE, Jonathan
245 0# - TYTUŁ/ODPOWIEDZIALNOŚĆ
Tytuł Benetton.
Pozostałe elementy strefy tytułu i oznaczenia odpowiedzialności Jonathan Mantle ; retold by Susan Fearn ; consultant editor David Evans.
260 ## - STREFA ADRESU WYDAWNICZEGO
Miejsce wydania Harlow :
Nazwa wydawcy/dystrybutora Pearson Education Limited,
Data publikacji, dystrybucji/powstania dokumentu 2000.
300 ## - STREFA OPISU FIZYCZNEGO
Objętość V, 89, [1] pp ;
Rozmiary 20 cm.
490 1# - STREFA SERII I DOKUMENTU WIELOCZĘŚCIOWEGO - FORMA NIE DO WYSZUKIWANIA
Tytuł i oznaczenie odpowiedzialności serii Penguin Readers
650 #9 - HASŁO PRZEDMIOTOWE W FORMIE NAZWY OGÓLNEJ LUB JEDNOSTKOWEJ
Nazwa ogólna lub geograficzna Business
700 1# - HASŁO DODATKOWE - NAZWA OSOBOWA
Nazwa osobowa FEARN, Susan
700 1# - HASŁO DODATKOWE - NAZWA OSOBOWA
Nazwa osobowa HOLMES, Karen.
Określenie związku między hasłem a opisywanym materiałem editor
700 1# - HASŁO DODATKOWE - NAZWA OSOBOWA
Nazwa osobowa EVANS, David.
Określenie związku między hasłem a opisywanym materiałem consultant editor
700 1# - HASŁO DODATKOWE - NAZWA OSOBOWA
Nazwa osobowa HOPKINS, Andy.
Określenie związku między hasłem a opisywanym materiałem series editor
700 1# - HASŁO DODATKOWE - NAZWA OSOBOWA
Nazwa osobowa POTTER, Jocelyn.
Określenie związku między hasłem a opisywanym materiałem series editor
830 ## - HASŁO DODATKOWE SERII LUB DOKUMENTU WIELOCZĘŚCIOWEGO - TYTUŁ UJEDNOLICONY
Tytuł ujednolicony Penguin Readers
856 ## - LOKALIZACJA I DOSTĘP DO ELEKTRONICZNYCH DOKUMENTÓW ZDALNYCH
Link (URL) http://koha.tu.koszalin.pl/cgi-bin/koha/opac-detail.pl?biblionumber=48312
Tekst linku Katalog online BPK
942 ## - DODATKOWE ELEMENTY (KOHA)
Typ dokumentu Książka
Egzemplarze
Wycofany Status egzemplarza Uszkodzony Dostępność Lokalizacja stała Lokalizacja bieżąca Miejsce przechowywania Sygnatura Kod kreskowy Typ dokumentu
      Dostępny Biblioteka Politechniki Koszalińskiej Biblioteka Politechniki Koszalińskiej Wypożyczalnia Językowa KA 5554 09086555 Książka
© 2023 Biblioteka Politechniki Koszalińskiej :: KOHA